| 000 | 00702nam a2200241 i 4500 | ||
|---|---|---|---|
| 001 | bg | ||
| 100 | 1 | _aCHOBOT, Andrzej | |
| 245 | 1 | 0 |
_aNowe formy zatrudnienia : _bkierunki rozwoju i nowelizacji / _cAndrzej Chobot. |
| 260 |
_aWarszawa : _bWydawnictwa Prawnicze PWN, _c1997. |
||
| 300 |
_a235, [3] s. ; _c21 cm. |
||
| 504 | _aBibliogr. s. 223-235. | ||
| 650 | 9 |
_aKadry _xpolityka |
|
| 650 | 9 |
_aPrawo pracy _zPolska _ystan na 1997 r. |
|
| 650 | 9 |
_aPrawo pracy _xzagadnienia |
|
| 650 | 9 |
_aZatrudnienie _xzagadnienia |
|
| 020 | _a8386702494 | ||
| 040 | _cBPK | ||
| 041 | 0 | _apl | |
| 080 | _a349.2(438):331.5 | ||
| 920 | _a83-86702-49-4 | ||
| 942 | _cKS | ||
| 008 | s pl f |000 0 pol | ||
| 999 |
_c31312 _d31312 |
||
| 856 |
_uhttp://koha.tu.koszalin.pl/cgi-bin/koha/opac-detail.pl?biblionumber=31312 _yKatalog online BPK |
||